000 01688cam a2200373 a 4500
001 11829834
003 ARRUPE
005 20131126141420.0
008 991101s2000 enk b 001 0 eng
010 _a 99056852
020 _a0521575915 (hb)
020 _a0521573017 (pb)
040 _aDLC
_cDLC
_dDLC
041 1 _aeng
_hger
050 0 0 _aJC181
_b.F6213 2000
100 1 _aFichte, Johann Gottlieb,
_d1762-1814.
_93964
240 1 0 _aGrundlage des Naturrechts nach Principien der Wissenschaftslehre.
_lEnglish
245 1 0 _aFoundations of natural right :
_baccording to the principles of the Wissenschaftslehre /
_cJ.G. Fichte ; edited by Frederick Neuhouser ; translated by Michael Baur.
260 _aCambridge, UK ;
_aNew York :
_bCambridge University Press,
_c2000.
300 _axxxv, 338 p. ;
_c24 cm.
440 0 _aCambridge texts in the history of philosophy
_93965
504 _aIncludes bibliographical references and index.
650 0 _aNatural law.
_93966
650 0 _aPolitical science.
_93967
650 0 _aState, The.
_93968
700 1 _aNeuhouser, Frederick.
_93969
700 1 _aBaur, Michael.
_93970
856 4 1 _3Sample text
_uhttp://www.loc.gov/catdir/samples/cam032/99056852.html
856 4 1 _3Table of contents
_uhttp://www.loc.gov/catdir/toc/cam024/99056852.html
856 4 2 _3Publisher description
_uhttp://www.loc.gov/catdir/description/cam0210/99056852.html
906 _a7
_bcbc
_corignew
_d1
_eocip
_f19
_gy-gencatlg
942 _2lcc
_cMONOGRAPH
999 _c118718
_d118718